000 00717nam a2200181Ia 4500
008 210719s2019 xx 000 0 und d
041 _akan
082 _a294.535K HARS
100 _aHARSHENDRA KUMAR (Di);JAYA KUMARA SHETTY
245 _aSuvarna sanchaya 15: Siri chaitanyada siri
260 _aUjire
_bGolden Jubilee Celebrartion Committee, Dharmastala
_c2019
300 _a232
_bPB
365 _b150
_cRs
440 _aShri D Veerendra Heggadeyavara pattabisheka suvarna mahotsava pustaka malike
_v15
650 _aHinduism
650 _aHinduism
906 _a15: ; chaitanyada ; Heggadeyavara ; mahila sabalikarana ; mahotsava ; malike ; pattabisheka ; pustaka ; sanchaya ; Siri ; Suvarna ; Veerendra ; women
999 _c216049
_d216049